MDQL
is popping MORE tags! Check the
thread
!
Quizzes
Events
Quiz Creation
Community
Videos
Private Events
Remove Ads
Sign In
Join for FREE
Feedback
Dark Mode
Quiz Categories
Sports
Geography
Music
Movies
Television
Just For Fun
Miscellaneous
History
Literature
Language
Science
Gaming
Entertainment
Religion
Holiday
For Kids
Quiz Lab
Recent
Popular Today
Quiz Kudos Today
Editor Picks
Curator Picks
Quizzes by...
Day
Popularity
Type
Ratings
Length
Year
Community
Subscriptions
Recent Discussions
Orange Saloon
Badges
Playlists
Quests
Create
Leaderboards
Showdown
Live 5
Trivia Bingo
Activity
Puzzle Library
Sporcle Events
Private Events
Virtual Trivia
Globe League
Become a Host
Pub Owners
SporcleCon
Opinionation
Our Games
Videos
Blog
Mobile Apps
Partnerships
Remove Ads and Go Orange
Feedback
Movies
Disney
Marvel Cinematic Universe
Movie Resume
Movie Titles
Oscar
Actor
Actress
Director
Pixar
Role
Movie Quotes
Movie Characters
Box Office
Nominee
Best Picture
Star Wars
James Bond
Horror Movies
Movies
Disney
Marvel Cinematic Universe
Movie Resume
Movie Titles
Oscar
Actor
Actress
Director
Pixar
Role
Movie Quotes
Movie Characters
Box Office
Nominee
Best Picture
Star Wars
James Bond
Horror Movies
Random Quiz
Search Sporcle
×
Quiz Lab
Quiz Lab
Movies
Musical
Type in answers that appear in a list
Type in answers that appear in a list
Classic
Best Score? Go Orange.
Cats Character by Actor Stats
Can you name the Cats Character by Actor (1998)?
By
DizzyStizzy
5m
29 Questions
105 Plays
105 Plays
105 Plays
Comments
Comments
Give Quiz Kudos
Give Quiz Kudos
-
- Ratings
hide this ad
Forced Order
Answers have to be entered in order
Answers have to be entered in order
Random Order
Randomize order of answers
Randomize order of answers
Replay
Link that replays current quiz
Next Quiz
Link to next quiz in quiz playlist
You Got
0%
They Got
Avg Score
71%
Avg Friend Score
Upgrade to see
Score Distribution
Jump to the score distribution portion of the page
Score
0/29
Timer
05:00
0
Plays Today
Actor's Name
Character
% Correct
Ken Page
Old Deuteronomy
87.6%
Elaine Paige
Grizabella
85.7%
Michael Gruber
Munkustrap
84.8%
Sir John Mills
Gus the Theatre Cat
82.9%
John Partridge
Rum Tum Tugger
82.9%
Jo Gibb
Rumpleteazer
81.9%
Phyllida Crowley-
Smith
Victoria
81.9%
Rosemarie Ford
Bombalurina
81%
Veerle Casteleyn
Jemima
81%
Aeva May
Demeter
79%
Jacob Brent
Quaxo or Mr. Mistoffelees
75.2%
Geoffrey Garratt
Skimbleshanks
75.2%
Bryn Walters
Macavity
73.3%
Drew Varley
Mungojerrie
72.4%
Suzie Mckenna
Jennyanydots
70.5%
Actor's Name
Character
% Correct
James Barron
Bustopher Jones
69.5%
Susan Jane Tanner
Jellylorum
69.5%
Rebecca Parker
Cassandra
67.6%
Leah Sue Morland
Electra
67.6%
Bryn Walters
Plato
66.7%
Jo Bingham
Etcetera
66.7%
Femi Taylor
Exotica
65.7%
Tony Timberlake
Asparagus
62.9%
Jason Gardiner
Alonzo
61.9%
Fergus Logan
Tumblebrutus
60%
Tommy Sliiden
Coricopat
57.1%
Kaye Brown
Tantomile
57.1%
Karl Morgan
Pouncival
56.2%
Ron Berger
Rumpus Cat
42.9%
Quiz Playlist
Details
Report
Send in Message
Add To Playlist
Classic:
Type in answers that appear in a list
Forced Order:
Answers have to be entered in order
Random Order:
Randomize order of answers
Last Updated: Feb 16, 2017
Quiz Scoreboard
CHALLENGE
Sign Up to Join the Scoreboard
Show All
Scores
Hide
Comments
May contain spoilers
Recently Published
Colored Red Africa Blitz
by spor1
Geography
30s
Find the 'City' Movie
by crazypaving
Movies
60s
5x2 Blitz: Bands
by SL_Kpop136
Music
30s
More to Explore
Quiz From the Vault
Featured Blog Post
14 Easter Pick-up Lines to Find Eggs With
hide this ad
You Might Also Like...
Tags
Musical Quiz
Character
Today's Top Quizzes in Movies
Browse Movies
hide this ad
Today's Top Quizzes in Musical
Browse Musical
Top Contributed Quizzes in Movies
1
Find The 'Big' Movie
2
Find The 'Blue' Movie
3
Find The 'Wild' Movie
4
Movies By Plot
5
Hidden Star Wars Character II
6
Pick 5 Posters: Directed by Spielberg
7
Hidden Star Wars Character III
8
Hidden Star Wars Character IV
9
25 Best Actor Nominees (1990s)
10
Alfred Hitchcock Movies by Plot
Explore More
Trending Topics
Crossword
Kpop
Disney
NBA
Harry Potter
Marvel
Anime
Soccer
Song
Puzzle
The Office
Pokémon
NFL
WWE
Country
hide this ad
More By:
DizzyStizzy
Quiz
Plays
Rating
Category
Featured
Created
Finish the Starkid Quote...
2,744
2.83
Entertainment
Aug 13, 2011
First Lines in Starkid's AVPS
2,198
4.00
Entertainment
Aug 7, 2011
Starkid Trivia
1,810
3.50
Entertainment
Jul 26, 2011
Ultimate Red Dwarf Quiz
995
3.80
Television
Jul 26, 2011
Harry Potter Quiz *DIFFICULT AND OBSCURE*
952
2.21
Literature
Oct 21, 2011
Go to Creator's Profile
Score Distribution
Quiz Creator Spotlight
DizzyStizzy
Follow
Send a Message
Quizzes Created
-
Created Quiz Play Count
-
More By This Creator
Popular Quizzes Today
1
Colored Red Africa Blitz
2
Find the 'City' Movie
3
5x2 Blitz: Bands
4
Find the US States - No Outlines Minefield
5
The Countries of the World
6
Find the US States
7
US States
8
Find the Countries of Europe - No Outlines Minefield
More Movies Quizzes
The Last: Oscars
Curator's Pick
Trending Quizzes
Colored Red Europe Blitz I
Colored Red Africa Blitz II
Colored Red Europe Blitz II
Colored Red Africa Blitz III
Colored Red Europe Blitz III
Recently Updated
How Do You Spell That?
pecheneg
Godzilla Movies
pecheneg
Grab Bag: 4-10 Letters
pecheneg
2024 March Madness Bracket
pecheneg
Famous TV Couples
Peacemaker
Champions League XIs: Real Madrid
pecheneg
Largest US Cities 1790-2010
pecheneg
Rides in Walt Disney World
pecheneg
Most Oscar Losses (Acting)
pecheneg
Beyoncé Albums
pecheneg
Trending Topics
Marvel
NBA
Harry Potter
Crossword
Disney
Anime
Kpop
The Office
Country
NFL
WWE
Puzzle
Soccer
Pokémon
Song
Your Account Isn't Verified!
In order to create a playlist on Sporcle, you need to verify the email address you used during registration. Go to your
Sporcle Settings
to finish the process.
Report this User
Report this user for behavior that violates our
Community Guidelines
.
Details:
Send Report
Go to the Sporcle.com Mobile Site →
Comments